Lét és alkotás

Elmentve itt :
Bibliográfiai részletek
Szerző: Szmirnov, Igor
Adatforrás:Philobibl
Dokumentumtípus: Könyv
Nyelv:magyar
Megjelent: Debrecen Kossuth Egy. K. 2000
Sorozat:Az orosz posztmodern 1.
LEADER 00408nam a2200145 c 4500
001 bibDOK00019730
005 20200924121355.9
008 060518s2000 xx hun
100 1 |a Szmirnov, Igor 
245 1 0 |a Lét és alkotás  |c Szmirnov, Igor 
260 |a Debrecen  |b Kossuth Egy. K.  |c 2000 
300 |a 198 p. p. 
490 1 |a Az orosz posztmodern 1. 
500 |a ford. Kukucska Csilla 
830 3 |a Az orosz posztmodern 1.